Japan style / (Record no. 353202)

000 -LEADER
fixed length control field 00802 a2200253 4500
003 - CONTROL NUMBER IDENTIFIER
control field OSt
005 - DATE AND TIME OF LATEST TRANSACTION
control field 20180116192358.0
008 - FIXED-LENGTH DATA ELEMENTS--GENERAL INFORMATION
fixed length control field 120702t xxu||||| |||| 00| 0 eng d
010 ## - LIBRARY OF CONGRESS CONTROL NUMBER
LC control number 2010283092
020 ## - INTERNATIONAL STANDARD BOOK NUMBER
International Standard Book Number 0714846244 (hbk.)
020 ## - INTERNATIONAL STANDARD BOOK NUMBER
International Standard Book Number 9780714846248 (hbk.)
035 ## - SYSTEM CONTROL NUMBER
System control number (OCoLC)ocm70764986
040 ## - CATALOGING SOURCE
Transcribing agency 0
082 04 - DEWEY DECIMAL CLASSIFICATION NUMBER
Classification number 709.52
100 1# - MAIN ENTRY--PERSONAL NAME
Personal name Calza, Gian Carlo.
9 (RLIN) 5220
245 10 - TITLE STATEMENT
Title Japan style /
Statement of responsibility, etc. Gian Carlo Calza.
260 ## - PUBLICATION, DISTRIBUTION, ETC.
Place of publication, distribution, etc. London ;
-- New York :
Name of publisher, distributor, etc. Phaidon,
Date of publication, distribution, etc. 2007.
300 ## - PHYSICAL DESCRIPTION
Extent 303 p. :
Other physical details col. ill. ;
Dimensions 28 cm.
500 ## - GENERAL NOTE
General note "Text published in Italian by Giulio Einaudi Editore, 2002"--Colophon.
650 10 - SUBJECT ADDED ENTRY--TOPICAL TERM
Topical term or geographic name entry element Aesthetics, Japanese.
9 (RLIN) 5221
650 10 - SUBJECT ADDED ENTRY--TOPICAL TERM
Topical term or geographic name entry element Art, Japanese.
9 (RLIN) 5222
942 ## - ADDED ENTRY ELEMENTS (KOHA)
Institution code [OBSOLETE] SADA
Koha item type Book
Call number prefix 709.52 CAL 2007
Source of classification or shelving scheme
952 ## - LOCATION AND ITEM INFORMATION (KOHA)
-- BOOK
Holdings
Withdrawn status Lost status Source of classification or shelving scheme Damaged status Not for loan Permanent Location Current Location Date acquired Total Checkouts Full call number Barcode Date last seen Date last checked out Cost, replacement price Price effective from Koha item type
          School of Art Design and Architecture (SADA) School of Art Design and Architecture (SADA) 06/29/2011 3 709.52 CAL 2007 SADA0001468 11/20/2015 11/19/2015 2881.00 08/05/2011 Book
© 2023 Central Library, National University of Sciences and Technology. All Rights Reserved.